| 000 | 00408 a2200145 4500 | ||
|---|---|---|---|
| 005 | 20250626072820.0 | ||
| 020 | _a0-256-10800-5 | ||
| 082 | _a658 NIC | ||
| 100 | _aNICKELS, W. G | ||
| 245 | _aUnderstanding Canadian Business, | ||
| 260 |
_aMumbai, _bIndia, _c1994. |
||
| 300 |
_axxii,;643p,; ill,; picture, _bGlossary & Index, _c26cm. |
||
| 700 | _aMcHUGH, J. M, McHUGH, S. M & BERMAN, P. D. | ||
| 942 |
_2ddc _cBKS |
||
| 999 |
_c5215 _d5215 |
||